Anna Karénina

Zapisane w:
Opis bibliograficzny
1. autor: Tolstoi, León Graf 1828-1910 (Autor)
Format: Książka
Język:hiszpański
Wydane: Madrid Bruguera 1995
Wydanie:4a. ed
Seria:Letras Universales
Hasła przedmiotowe:
Etykiety: Dodaj etykietę
Nie ma etykietki, Dołącz pierwszą etykiete!

MARC

LEADER 00000nam a2200000 a 4500
001 UCH6331
003 CL-VaPUC
008 091109e19950000SP |||||||||||||||||spa|d
020 |a 8437606322 
082 0 4 |a 891.73  |b TOL  |2 21 
100 |a Tolstoi, León Graf  |d 1828-1910  |e author  |9 346194 
245 1 0 |a Anna Karénina 
250 |a 4a. ed 
300 |a 999 p 
942 |c BK 
945 |d 20091109 00:00:00  |a lazolas 
260 |a Madrid  |b Bruguera  |c 1995 
650 0 |a Novelas rusas   |9 316330 
650 0 |a Literatura rusa  |9 318370 
583 |a last modification  |c 20091109 00:00:00  |k Rodrigo Vera 
490 0 |a Letras Universales 
999 |c 337238  |d 337236